Star Wars Weapons - Statistics

General Stats
  • This quiz has been taken 24 times
  • The average score is 8 of 33
Answer Stats
Hints Weapon Name % Correct
An elegant and colorful melee weapon used by several generations of force-wielding warriors. Lightsaber
100%
A version of the above weapon created by a force-sensitive Mandalorian. Darksaber
65%
The most common grenade in the galaxy, has a moderate explosive radius and explodes after a set time. Thermal Detonator
65%
A common and shocking dark side power, preferred in combat by Darth Sidious. Force Lightning
60%
The primary blaster of the Imperial Army during the Galactic Civil War. E-11
50%
Sidearm of Han Solo, captain of the Millenium Falcon and General in the Rebel Alliance. DL-44
40%
Primary rifle of the Wookiees of Kashyyyk, including Chewbacca. Bowcaster
35%
A rifle firing solid rounds used by the Tuskens of Tatooine. Cycler Rifle
35%
Grenade that releases a poisonous green gas. Dioxis Grenade
35%
A melee weapon often used by the Tuskens and preferred by Boba Fett in the New Republic era. Gaderffii/Gaffi Stick
35%
A powerful grenade that implodes followed by a large explosion. Thermal Imploder
35%
Anti-vehicle grenade that explodes upon impact. Ion Grenade
30%
The primary blaster of the Rebel Alliance during the Galactic Civil War. A-280
25%
Rifle used by Boba Fett, legendary bounty hunter. EE-3
25%
Grenade that momentarily stuns and immobilizes victims with an electrical discharge. Shock Grenade
25%
Grenade used by Imperial Death troopers, both blinding and harming victims. Sonic Imploder
20%
Heavy rifle used by Inferno Squadron commander Iden Versio, capable of firing a secondary charge. TL-50
20%
Pistol used by Lando Calrissian, friend of Han Solo and administrator of Cloud City. X-8 Night Sniper
20%
The weapon of Jyn Erso, a pistol able to be configured into different weapon variants. A-180
15%
Heavy blaster used by many, especially Dengar, a bounty hunter during the Galactic Civil War. DLT-19
15%
Rifle used by Bossk, a Trandoshan bounty hunter. Relby-V10
15%
Pistol used by Rebel Alliance officers and notably Nien Nunb, a Sullustan smuggler who co-piloted the Millennium Falcon during the Battle of Endor. DH-17
10%
Pistol used by Greedo, a bounty hunter killed by Han Solo. DT-12
10%
Heavy blaster used by Director Orson Krennic, requires manual reloading. DT-29
10%
Weapon utilized by the Jawas of Tatooine, capable of immobilizing droids and other electronics within a short range. Ion Blaster
10%
A blast rifle that is notable for firing in 5-shot bursts. SE-14C
10%
A gray dish turret used by the Rebel Alliance, notably during the Battle of Hoth. 1.4 FD P-Tower
5%
Pistol used by Princess Leia during her missions with the Rebel Alliance. Defender Sporting Blaster Pistol
5%
A white cylindrical turret used by the Rebel Alliance, notably during the Battle of Hoth. DF.9
5%
Sniper rifle used by Inferno Squadron commander Iden Versio, firing a charged green blast from long distances. DLT-20A/Pulse Cannon
5%
Rifle used by Imperial Shoretroopers and some Deathtroopers, an improved version of the Empire's primary rifle. E-22
5%
Primary sniper rifle of the Rebel Alliance during the Galactic Civil War. E-17d
0%
A grenade launcher that fires three grenades in rapid succession. MPL-57
0%
No matching quizzes found
Score Distribution
Percent of People with Each Score
Percentile by Number Answered
Your Score History
You have not taken this quiz